<?xml version="1.0" encoding="UTF-8"?>
<collection xmlns="http://www.loc.gov/MARC21/slim">
 <record>
  <leader>00542pamaa2200145   4500</leader>
  <controlfield tag="001">0000037580</controlfield>
  <controlfield tag="005">20061116090000.0</controlfield>
  <datafield tag="020" ind1="0" ind2="0">
   <subfield code="a">0155356984 (pbk) </subfield>
  </datafield>
  <datafield tag="090" ind1="0" ind2="0">
   <subfield code="a">PS507 </subfield>
   <subfield code="b">HER 1991</subfield>
  </datafield>
  <datafield tag="245" ind1="1" ind2="0">
   <subfield code="a">HERITAGE of American literature : </subfield>
   <subfield code="b">civil war to the present volume II</subfield>
   <subfield code="a">HERITAGE of American literature</subfield>
   <subfield code="a">cJames E. Miller; with assistance of Kathleen Farley.</subfield>
  </datafield>
  <datafield tag="260" ind1="0" ind2="0">
   <subfield code="a">New York: </subfield>
   <subfield code="b">Harcourt Brace Jovanovich-Publishers, </subfield>
   <subfield code="c">1991.</subfield>
  </datafield>
  <datafield tag="300" ind1=" " ind2=" ">
   <subfield code="a">xxxiv, 2204p.; </subfield>
   <subfield code="c">24 cm.</subfield>
  </datafield>
  <datafield tag="650" ind1="0" ind2="0">
   <subfield code="a">American literature </subfield>
  </datafield>
  <datafield tag="700" ind1="1" ind2="1">
   <subfield code="a">Miller, </subfield>
   <subfield code="h">James E </subfield>
  </datafield>
  <datafield tag="700" ind1="1" ind2="1">
   <subfield code="a">Farley, </subfield>
   <subfield code="h">Kathleen </subfield>
  </datafield>
 </record>
</collection>
